1555 1518 1066 1821 1742 1135 1065 1740 1441 1893 1166 1620 1789 1894 1539 1755 1168 1349 1071 1785 1534 1288 1431 1989 1706 1785 1078 1794 1742 1106 1681 1376 1133 1084 1894 1016 1789 1028 1334 1092 1898 1912 1281 1844 1392 1304 1811 1924 1404 1148 1877 1726 1470 1887 1771 1844 1857 1646 1460 1161 1439 1926 1146 1193 1857 1849 1506 1400 1329 1781 1266 1769 1380 1261 1904 1693 1889 1593 1468 1585 1127 1059 1008 1610 1747 1438 1015 1136 1622 1236 1820 1869 1548 1743 1246 1341 1762 1007 1860 BCNSPRNW ULIB Ver.6.0+V

เปลี่ยนเป็นภาษาไทย

Change to English
 แสดงรายละเอียดบรรณานุกรม
  กลับหน้าหลัก

Brief Record : Get Marc (ISO 2709) : E-mail record : QR code < ปิดหน้าต่าง
LEADER : 00000nam 2200000uu 4500
001    13399126992
003     ULIB
008    190924s2562||||th 000 0 tha d
020    ^a9786163142658
060    ^aWT100^bพ993ก
100    ^aไพลวรรณ สัทธานนท์
245    ^aกายภาพบำบัดในผู้สูงอายุ (Physical Therapy for Older People)
250    ^aพิมพ์ครั้งที่ 1
260    ^aปทุมธานี :^bมหาวิทยาลัยธรรมศาสตร์,^c2562
300    ^a97 หน้า^bภาพประกอบ, ตาราง, ภาคผนวก
650    ^aผู้สูงอายุ^xสุขภาพและอนามัย
650    ^aกายภาพบำบัด
945    ^p65^l0^i27789
945    ^p65^l0^i27792
945    ^p65^l0^i27791
945    ^p65^l0^i27790
945    ^p65^l0^i27793
999    ^aกัณชพร จุลอักษร
รายการนี้ยังไม่มีแท็ก
คุณยังไม่ได้ล็อกอิน คุณสามารถมีกิจกรรมร่วมกับเว็บไซต์ได้ แต่ต้องล็อกอินก่อน ::
  ล็อกอิน

รายการสื่อสารสนเทศ

ลำดับที่ ประเภท เลขเรียก/บาร์โค้ด สถานที่ สถานะ
1. หนังสือสำรอง
หนังสือสำรอง
WT100 พ993ก ฉ.1 
  Barcode: 27789
ห้องสมุดวิทยาเขตนครสวรรค์
►หนังสือทั่วไป:l:General Books
บนชั้น
2. วิทยาศาสตร์การแพทย์ และสุขภาพ
วิทยาศาสตร์การแพทย์ และสุขภาพ
WT100 พ993ก ฉ.2 
  Barcode: 27790
ห้องสมุดวิทยาเขตนครสวรรค์
►หนังสือทั่วไป:l:General Books
บนชั้น
3. วิทยาศาสตร์การแพทย์ และสุขภาพ
วิทยาศาสตร์การแพทย์ และสุขภาพ
WT100 พ993ก ฉ.3 
  Barcode: 27791
ห้องสมุดวิทยาเขตนครสวรรค์
►หนังสือทั่วไป:l:General Books
บนชั้น
4. วิทยาศาสตร์การแพทย์ และสุขภาพ
วิทยาศาสตร์การแพทย์ และสุขภาพ
WT100 พ993ก ฉ.4 
  Barcode: 27792
ห้องสมุดวิทยาเขตนครสวรรค์
►หนังสือทั่วไป:l:General Books
บนชั้น
5. วิทยาศาสตร์การแพทย์ และสุขภาพ
วิทยาศาสตร์การแพทย์ และสุขภาพ
WT100 พ993ก ฉ.5 
  Barcode: 27793
ห้องสมุดวิทยาเขตนครสวรรค์
►หนังสือทั่วไป:l:General Books
บนชั้น

รายการใกล้เคียง
    ชื่อเรื่อง [กายภาพบำบัดในผู้สูงอายุ (Physical Therapy for Older People)]

    ผู้แต่ง [ไพลวรรณ สัทธานนท์]

    หัวเรื่อง [กายภาพบำบัด]

BibComment


ยังไม่เคยถูกคอมเมนท์

คอมเมนท์ทรัพยากรรายการนี้
  คอมเมนท์: กายภาพบำบัดในผู้..


 Copyright 2026. Bcnsprnw @Library